| 000 | 02024nam0a2200457 i 4500 | ||
|---|---|---|---|
| 001 | RU\NLR\BIBL_A\011091672 | ||
| 005 | 20260406154410.0 | ||
| 010 |
_a9785906842206 _91500 |
||
| 021 |
_aRU _b2016-19977 _91270 |
||
| 035 | _a(NILC)RuMoRGB-008243001 | ||
| 035 | _a(NLR Aleph) 011091672 | ||
| 090 |
_a11371146 _c11371146 |
||
| 100 | _a20160331d2016 km y0rusy50 ca | ||
| 101 | 0 | _arus | |
| 102 | _aRU | ||
| 105 | _aac||z||||00zd | ||
| 200 | 1 |
_aМои королевы: Раневская, Зелёная, Пельтцер _fГлеб Скороходов |
|
| 210 |
_aМосква _cАлгоритм _d2016 |
||
| 215 |
_a206, [1] с. _cил., портр. _d21 |
||
| 225 | 1 | _aЯ помню ее такой… | |
| 333 | _a16+ | ||
| 600 | 1 |
_aРаневская _bФ. Г. _f1896 - 1984 _gФаина Григорьевна _91535871 _3RU\NLR\AUTH\66970509 |
|
| 600 | 1 |
_aЗеленая _bР.В. _f1902 - 1991 _gРина Васильевна _91103368 _3RU\NLR\AUTH\66434842 |
|
| 600 | 1 |
_aПельтцер _bТ.И. _f1904 - 1992 _gТатьяна Ивановна _92235019 _3RU\NLR\AUTH\661341355 |
|
| 675 | _a792 | ||
| 686 | _aЩ363(2Р=Рус)7-86Зеленая | ||
| 686 | _aЩ334.3(2Р=Рус)7-86Зеленая | ||
| 686 | _aЩ374.3(2Р)7-86Зеленая | ||
| 686 | _aЩ334.3(2Р=Рус)7-86Пельцер | ||
| 686 | _aЩ374.3(2Р)7-86Пельцер | ||
| 686 | _aЩ334.3(2Р=Рус)7-86Раневская | ||
| 686 | _aЩ374.3(2Р)7-86Раневская | ||
| 700 | 1 |
_aСкороходов _f1930-2012 _gГлеб Анатольевич |
|
| 702 | 1 |
_4570 _8rus _7ca _aРаневская _bФ. Г. _f1896-1984 _gФаина Григорьевна _3RU\NLR\AUTH\777101 _9117040 |
|
| 702 | 1 |
_4570 _aЗеленая _bР.В. _f1902-1991 _gРина Васильевна _3RU\NLR\AUTH\7775042 _957970 |
|
| 702 | 1 |
_aПельтцер _bТ.И. _f1904-1992 _gТатьяна Ивановна _4570 |
|
| 801 | 0 |
_aRU _bРГБ _c20160314 _gRCR |
|
| 942 | _cBOOK | ||
| 980 | _aNBR | ||